[Event "John Bishop Minor 2018"]
[Site "Cardiff"]
[Date "2018.04.02"]
[Round "7.7"]
[White "Christmas, Rosie"]
[Black "Davies, Gareth"]
[Result "1/2-1/2"]
[WhiteElo "1133"]
[BlackElo "1342"]
[PlyCount "69"]
[EventDate "2018.03.30"]
[EventRounds "7"]
[EventCountry "WLS"]
[SourceDate "2018.04.03"]

1. d4 d5 2. Bf4 c6 3. e3 Bf5 4. Nf3 e6 5. Nbd2 Be7 6. Be2 Bf6 7. O-O Ne7 8. h3
O-O 9. c4 Re8 10. Re1 Nd7 11. cxd5 exd5 12. Nb3 Ng6 13. Bh2 Be7 14. Bd3 Bxd3
15. Qxd3 Nf6 16. Nbd2 Bd6 17. Bxd6 Qxd6 18. a3 Rad8 19. b4 a6 20. Re2 Re7 21.
Rae1 Rde8 22. g3 h6 23. e4 Nxe4 24. Nxe4 dxe4 25. Rxe4 Qd5 26. Rxe7 Rxe7 27.
Rxe7 Nxe7 28. g4 Qe6 29. Qe3 Nd5 30. Qxe6 fxe6 31. Ne1 Nf4 32. Kh2 Ne2 33. Nc2
g5 34. Kg2 Kf7 35. Kf3 1/2-1/2